| 000 | 00990cam a22003011 4500 | ||
|---|---|---|---|
| 001 | 0000005543 | ||
| 005 | 20170406120810.0 | ||
| 008 | 720602s1962 nyu be 000 0 eng | ||
| 010 | _a 62018500 | ||
| 035 | _9(DLC) 62018500 | ||
| 035 | _a(OCoLC)323461 | ||
| 040 |
_aDLC _cONowdM _dOCoLC _dDLC |
||
| 042 | _aemarc=LC PreMARC Retrospective Conversion Project | ||
| 050 | 0 | 0 |
_aRC455 _b.D6 |
| 082 | 0 | _a616.89 | |
| 100 | 1 |
_aDominian, Jack, _d1929-2014. |
|
| 245 | 1 | 0 | _aPsychiatry and the Christian. |
| 250 | _a[1st ed.] | ||
| 260 |
_aNew York : _bHawthorn Books, _c[1962] |
||
| 300 |
_a138 p. ; _c21 cm. |
||
| 490 | 0 | _aThe Twentieth century encyclopedia of Catholicism, v. 93. Section 9: The church and the modern world | |
| 504 | _aIncludes bibliography. | ||
| 650 | 0 | _aPsychiatry and religion. | |
| 908 | _a150108 | ||
| 999 |
_c5333 _d5333 |
||